[Vývoj a perspektívy svetovej ekonomiky. Spomalenie rastu a vysoká nezamestnanosť]

Recenzia na monografiu, ktorá analyzuje najnovšie trendy vo svetovej ekonomike v období jej oživenia. Predstavuje výsledok výskumnej činnosti skúsených pracovníkov Ekonomického ústavu SAV.

Salvato in:
Dettagli Bibliografici
Autore principale: Gonda, Vladimír
Natura: Capitolo di libro
Lingua:slovacco
Soggetti:
Tags: Aggiungi Tag
Nessun Tag, puoi essere il primo ad aggiungerne!!

MARC

LEADER 00000naa a2200000 4500
001 0136917
005 20240502072531.9
041 0 |a slo 
044 |a SK 
245 1 0 |a [Vývoj a perspektívy svetovej ekonomiky. Spomalenie rastu a vysoká nezamestnanosť]  |c Vladimír Gonda 
520 |a Recenzia na monografiu, ktorá analyzuje najnovšie trendy vo svetovej ekonomike v období jej oživenia. Predstavuje výsledok výskumnej činnosti skúsených pracovníkov Ekonomického ústavu SAV. 
610 2 0 |a recenzie 
610 2 0 |a nezamestnanosť 
610 2 0 |a prognózy 
610 2 0 |a vývoj hospodársky 
610 2 0 |a hospodárstvo svetové 
100 1 |a Gonda, Vladimír